Vereine Bundesliga - 3. Liga - Statistiken

Allgemein
  • Dieses Quiz wurde 969 mal gespielt
    550 seit der letzten Aktualisierung
  • Das Durchschnittsergebnis liegt bei 41 aus 56
Antwortstatistiken
Antwort % Korrekt
Borussia Dortmund
95%
FC Bayern München
95%
VfB Stuttgart
89%
RasenBallSport Leipzig
88%
Bayer 04 Leverkusen
87%
SC Freiburg
87%
SG Dynamo Dresden
87%
SV Werder Bremen
87%
Eintracht Frankfurt
86%
FC Augsburg
86%
1. FC Union Berlin
85%
FC St. Pauli
85%
Hamburger SV
85%
1. FSV Mainz 05
84%
FC Schalke 04
84%
Hertha BSC Berlin
82%
Borussia Mönchengladbach
81%
VfL Wolfsburg
81%
1. FC Heidenheim
80%
Holstein Kiel
79%
TSG 1899 Hoffenheim
79%
VfL Bochum
79%
1. FC Köln
78%
SV Darmstadt 98
78%
1. FC Nürnberg
77%
Hannover 96
77%
FC Hansa Rostock
75%
Fortuna Düsseldorf
73%
1. FC Kaiserslautern
70%
DSC Arminia Bielefeld
70%
1. FC Saarbrücken
69%
Eintracht Braunschweig
69%
MSV Duisburg
69%
SpVgg Greuther Fürth
69%
SV Elversberg
69%
TSV 1860 München
69%
VfL Osnabrück
69%
SV Wehen Wiesbaden
68%
1. FC Magdeburg
67%
Karlsruher SC
65%
Rot-Weiss Essen
65%
SSV Jahn Regensburg
63%
SSV Ulm 1846 Fußball
63%
SC Paderborn 07
61%
SV Waldhof Mannheim
61%
SC Preußen Münster
60%
Borussia Dortmund II
59%
FC Erzgebirge Aue
58%
FC Ingolstadt 04
56%
SC Freiburg II
54%
FC Viktoria Köln
53%
Hallescher FC
52%
SpVgg Unterhaching
52%
SC Verl
48%
SV Sandhausen
46%
VfB Lübeck
46%
Keine übereinstimmenden Quizze gefunden
Verteilung der Resultate
Anzahl Personen mit jedem Resultat
Perzentil nach korrekt beantworteten Fragen
Ihre Resultats-Entwicklung
Sie haben dieses Quiz seit der letzten Aktualisierung nicht gespielt